000 00416nam a2200181Ia 4500
001 8569
005 20260306160619.0
008 260306t2002||||xx |||||||||||||| ||spa||
041 _aESP
082 _a371.144
_bA44
100 _aAlmeyda, Freddy A.
_eAUT
245 0 _aCompendio pedagógico
260 _c2002
300 _a314 páginas :
_c20 cm.
650 _aGEN
654 _aCED
942 _cLIB
_dJUS
_fJUS
_2ddc
_n
999 _c8569
_d8569